| 000 -ლიდერი |
| ფიქსირებული სიგრძის საკონტროლო ველი |
00972nam a2200241Ia 4500 |
| 001 - საკონტროლო ნომერი |
| საკონტროლო ველი |
20005 |
| 003 - საკონტროლო ნომრის იდენტიფიკატორი |
| საკონტროლო ველი |
GE_BSU |
| 005 - ბოლო ოპერაციის თარიღი და დრო |
| საკონტროლო ველი |
20200528215431.0 |
| 008 - ფიქსირებული სიგრძის მონაცემთა ელემენტები - ზოგადი ინფორმაცია |
| ფიქსირებული სიგრძის საკონტროლო ველი |
181216s1978||||ge |||||||||||||| ||geo|| |
| 040 ## - კატალოგიზაციის წყარო |
| Transcribing agency |
GE_BSU |
| 041 ## - ენის კოდი |
| Language code of text/sound track or separate title |
geo |
| 080 ## - უნივერსალური ათობითი კლასიფიკაციის ინდექსი |
| Universal Decimal Classification number |
81'374.221=353.1 ნ-44 |
| 100 ## - მთავარი ჩანაწერი - პიროვნების სახელი |
| Personal name |
ნეიმანი, ალექსანდრე |
| 9 (RLIN) |
8255 |
| 245 ## - ცნობა სათაურის შესახებ |
| Title |
ქართულ სინონიმთა ლექსიკონი / |
| Statement of responsibility, etc |
ალექსანდრე ნეიმანი ; რედ. ირ. არაბული. |
| 250 ## - გამოცემის ცნობა |
| Edition statement |
მე-3 გამოცემა |
| 264 ## - წარმოების, გამოცემის, დისტრიბუციის და სხვა ცნობები |
| გამოცემის, წარმოების, დისტრიბუციის... ადგილი |
თბილისი : |
| გამოცემის, წარმოების, დისტრიბუციის... სახელწოდება |
განათლება, |
| გამოცემის, წარმოების, დისტრიბუციის... თარიღი |
1978. |
| 300 ## - ფიზიკური აღწერა |
| Extent |
559 გვ. ; |
| Dimensions |
21სმ |
| 653 ## - INDEX TERM--UNCONTROLLED |
| Uncontrolled term |
ქართულ სინონიმთა ლექსიკონები |
| 653 ## - INDEX TERM--UNCONTROLLED |
| Uncontrolled term |
ქართული ენა |
| 700 ## - ADDED ENTRY--PERSONAL NAME |
| Personal name |
არაბული, ირ. |
| Relator term |
რედაქტორი |
| 9 (RLIN) |
8256 |
| 942 ## - ADDED ENTRY ELEMENTS (KOHA) |
| Koha item type |
წიგნი |
| Source of classification or shelving scheme |
|